000 00710nam a2200289Ia 4500
001 Z_3060
003 CHAP
008 220113s1975 xx 000 0 und d
010 _a166147
040 _cCHAP
082 _a631.45 T5
100 _aTisdale, Samuel L.
_9113419
245 _aSoil fertility and fertilizers /
_cby Samuel L. Tisdale and Werner L.Nelson
260 _aNew York :
_bMacmillan,
_c1975
300 _a694 p. :
_bilus.
440 _a
500 _a
503 _a123785
650 _aFertilizantes I. Nelson, Werner
_9140219
650 _aSuelos
_x
_xFertilidad
_9140220
901 _a631.45 T5
902 _aA
910 _a1975
942 _c1
942 _cc1
999 _c166147
_d166147